000 00590nam a2200229Ia 4500
003 OSt
005 20220918231523.0
006 a|||||r|||| 00| 0
007 ta
008 220917b |||||||| |||| 00| 0 eng d
024 _a303,939
037 _cTextual
040 _aARTS
_cARTS
_beng
041 _2eng
_aeng
082 _aP15,A:3, 111L9
100 _aAnanthanarayana H.S.
_961863
245 0 _aSyntactic study of old indo-aryan
260 _c1979
650 _aLINGUISTICS
942 _hP15,A:3, 111L9
_cTEXL
_2CC
999 _c291512
_d291512